Daňové úniky a daňové podvody
Daňové úniky - definícia a členenie. Najziskovejšie daňové podvody. Špeciálne medzinárodné daňové úniky. Optimálne prostredie vzniku daňových únikov. Nevyhnutnosť nespravodlivosti daní. Predpoklady eliminácie neplatenia daní.
Gespeichert in:
| 1. Verfasser: | |
|---|---|
| Format: | Buchkapitel |
| Sprache: | Slowakisch |
| Schlagworte: | |
| Tags: |
Keine Tags, Fügen Sie das erste Tag hinzu!
|
MARC
| LEADER | 00000naa a2200000 4500 | ||
|---|---|---|---|
| 001 | r046591 | ||
| 005 | 20230927070552.5 | ||
| 041 | 0 | |a slo | |
| 044 | |a SK | ||
| 245 | 1 | 0 | |a Daňové úniky a daňové podvody |c Emil Burák |
| 520 | |a Daňové úniky - definícia a členenie. Najziskovejšie daňové podvody. Špeciálne medzinárodné daňové úniky. Optimálne prostredie vzniku daňových únikov. Nevyhnutnosť nespravodlivosti daní. Predpoklady eliminácie neplatenia daní. | ||
| 610 | 2 | 0 | |a únik daňový |
| 610 | 2 | 0 | |a podvody |
| 610 | 2 | 0 | |a dane |
| 610 | 2 | 0 | |a špekulácie |
| 610 | 2 | 0 | |a pojmy |
| 100 | 1 | |a Burák, Emil | |